000 00373nam a22001697a 4500
999 _c11502
_d11502
003 OSt
008 220906b ||||| |||| 00| 0 eng d
020 _a9788126576463
082 _a005.74 MOD
100 _aMOTWANI,Bharti
245 _aData Analytics with R
250 _aRep
260 _aNew Delhi
_bWiley
_c2022
300 _a646
650 _aBCA
942 _2ddc
_cBK